000 00327 a2200145 4500
001 76248
020 _a978-85-7951-053-3
040 _cAnchieta - Colégio São Paulo
240 1 0 _aO Brasil indígena 2º ano
_lpor
245 1 0 _aO Brasil indígena 2º ano
300 _a48
362 0 _a2011
650 4 _aBrasil
942 _cBK
999 _c76248
_d76248